MARC

LEADER 00000nam0a2200000 4500
001 282641
005 20231101235522.0
035 |a (RuTPU)RU\TPU\book\306578 
090 |a 282641 
100 |a 20150202d1984 k y0rusy50 ca 
101 0 |a rus 
102 |a RU 
105 |a a z 101zy 
200 1 |a Пути повышения эффективности производства и применения лакокрасочных материалов  |e материалы семинара  |f Общество "Знание" РСФСР ; Московский Дом научно-технической пропаганды 
210 |a Москва  |c [Б. и.]  |d 1984 
215 |a 126 с.  |c ил. 
320 |a Библиография в конце статей 
606 1 |a Лакокрасочные материалы  |x Качество  |2 stltpush  |3 (RuTPU)RU\TPU\subj\39838  |9 59743 
610 1 |a эпоксидные композиции 
610 1 |a полиуретановые покрытия 
610 1 |a энергетические сооружения 
610 1 |a сборные железобетонные конструкции 
610 1 |a защита 
610 1 |a электротехническая промышленность 
610 1 |a водоразбавляемые лакокрасочные материалы 
610 1 |a эмали 
610 1 |a атмосферостойкость 
610 1 |a семинары 
675 |a 667.6(063)  |v 4 
712 0 2 |a Общество "Знание" РСФСР  |c (Москва)  |2 stltpush  |3 (RuTPU)RU\TPU\col\7484 
712 0 2 |a Московский Дом научно-технической пропаганды  |2 stltpush  |3 (RuTPU)RU\TPU\col\7885  |9 24405 
801 1 |a RU  |b 63413507  |c 20150202 
801 2 |a RU  |b 63413507  |c 20170801  |g RCR 
942 |c BK